<?xml version="1.0" encoding="UTF-8"?>
<collection xmlns="http://www.loc.gov/MARC21/slim">
<record>
  <controlfield tag="001">246990</controlfield>
  <controlfield tag="005">20260319130535.0</controlfield>
  <datafield tag="024" ind1="7" ind2=" ">
    <subfield code="a">10.1103/PhysRevC.105.035201</subfield>
    <subfield code="2">doi</subfield>
  </datafield>
  <datafield tag="024" ind1="7" ind2=" ">
    <subfield code="a">2469-9985</subfield>
    <subfield code="2">ISSN</subfield>
  </datafield>
  <datafield tag="024" ind1="7" ind2=" ">
    <subfield code="a">1538-4497</subfield>
    <subfield code="2">ISSN</subfield>
  </datafield>
  <datafield tag="024" ind1="7" ind2=" ">
    <subfield code="a">0556-2813</subfield>
    <subfield code="2">ISSN</subfield>
  </datafield>
  <datafield tag="024" ind1="7" ind2=" ">
    <subfield code="a">1089-490X</subfield>
    <subfield code="2">ISSN</subfield>
  </datafield>
  <datafield tag="024" ind1="7" ind2=" ">
    <subfield code="a">2469-9993</subfield>
    <subfield code="2">ISSN</subfield>
  </datafield>
  <datafield tag="024" ind1="7" ind2=" ">
    <subfield code="a">2470-0002</subfield>
    <subfield code="2">ISSN</subfield>
  </datafield>
  <datafield tag="024" ind1="7" ind2=" ">
    <subfield code="a">WOS:000767144000002</subfield>
    <subfield code="2">WOS</subfield>
  </datafield>
  <datafield tag="024" ind1="7" ind2=" ">
    <subfield code="a">altmetric:123987428</subfield>
    <subfield code="2">altmetric</subfield>
  </datafield>
  <datafield tag="024" ind1="7" ind2=" ">
    <subfield code="a">arXiv:2107.12314</subfield>
    <subfield code="2">arXiv</subfield>
  </datafield>
  <datafield tag="037" ind1=" " ind2=" ">
    <subfield code="a">GSI-2022-00726</subfield>
  </datafield>
  <datafield tag="041" ind1=" " ind2=" ">
    <subfield code="a">English</subfield>
  </datafield>
  <datafield tag="082" ind1=" " ind2=" ">
    <subfield code="a">530</subfield>
  </datafield>
  <datafield tag="088" ind1=" " ind2=" ">
    <subfield code="a">arXiv:2107.12314</subfield>
    <subfield code="2">arXiv</subfield>
  </datafield>
  <datafield tag="100" ind1="1" ind2=" ">
    <subfield code="a">Adhikari, S.</subfield>
    <subfield code="0">P:(DE-HGF)0</subfield>
    <subfield code="b">0</subfield>
  </datafield>
  <datafield tag="245" ind1=" " ind2=" ">
    <subfield code="a">Measurement of spin density matrix elements in Λ(1520) photoproduction at 8.2–8.8 GeV</subfield>
  </datafield>
  <datafield tag="260" ind1=" " ind2=" ">
    <subfield code="a">Woodbury, NY</subfield>
    <subfield code="c">2022</subfield>
    <subfield code="b">APS</subfield>
  </datafield>
  <datafield tag="336" ind1="7" ind2=" ">
    <subfield code="a">article</subfield>
    <subfield code="2">DRIVER</subfield>
  </datafield>
  <datafield tag="336" ind1="7" ind2=" ">
    <subfield code="a">Output Types/Journal article</subfield>
    <subfield code="2">DataCite</subfield>
  </datafield>
  <datafield tag="336" ind1="7" ind2=" ">
    <subfield code="a">Journal Article</subfield>
    <subfield code="b">journal</subfield>
    <subfield code="m">journal</subfield>
    <subfield code="0">PUB:(DE-HGF)16</subfield>
    <subfield code="s">1725283047_450531</subfield>
    <subfield code="2">PUB:(DE-HGF)</subfield>
  </datafield>
  <datafield tag="336" ind1="7" ind2=" ">
    <subfield code="a">ARTICLE</subfield>
    <subfield code="2">BibTeX</subfield>
  </datafield>
  <datafield tag="336" ind1="7" ind2=" ">
    <subfield code="a">JOURNAL_ARTICLE</subfield>
    <subfield code="2">ORCID</subfield>
  </datafield>
  <datafield tag="336" ind1="7" ind2=" ">
    <subfield code="a">Journal Article</subfield>
    <subfield code="0">0</subfield>
    <subfield code="2">EndNote</subfield>
  </datafield>
  <datafield tag="500" ind1=" " ind2=" ">
    <subfield code="a">ISSN 2469-9993 not unique: **2 hits**.</subfield>
  </datafield>
  <datafield tag="520" ind1=" " ind2=" ">
    <subfield code="a">We report on the measurement of spin density matrix elements of the $\Lambda(1520)$ in the photoproduction reaction $\gamma p\rightarrow \Lambda(1520)K^+$, via its subsequent decay to $K^{-}p$. The measurement was performed as part of the GlueX experimental program in Hall D at Jefferson Lab using a linearly polarized photon beam with $E_\gamma =$ 8.2-8.8 GeV. These are the first such measurements in this photon energy range. Results are presented in bins of momentum transfer squared, $-(t-t_\text{0})$. We compare the results with a Reggeon exchange model and determine that natural exchange amplitudes are dominant in $\Lambda(1520)$ photoproduction.</subfield>
  </datafield>
  <datafield tag="536" ind1=" " ind2=" ">
    <subfield code="a">612 - Cosmic Matter in the Laboratory (POF4-612)</subfield>
    <subfield code="0">G:(DE-HGF)POF4-612</subfield>
    <subfield code="c">POF4-612</subfield>
    <subfield code="f">POF IV</subfield>
    <subfield code="x">0</subfield>
  </datafield>
  <datafield tag="588" ind1=" " ind2=" ">
    <subfield code="a">Dataset connected to CrossRef, Journals: repository.gsi.de</subfield>
  </datafield>
  <datafield tag="693" ind1=" " ind2=" ">
    <subfield code="1">EXP:(DE-Ds200)GlueX-20200803</subfield>
    <subfield code="0">EXP:(DE-Ds200)GlueX-20200803</subfield>
    <subfield code="a">GlueX Experiment at J-Lab ( - ; other)</subfield>
    <subfield code="x">0</subfield>
  </datafield>
  <datafield tag="700" ind1="1" ind2=" ">
    <subfield code="a">Akondi, C. S.</subfield>
    <subfield code="0">P:(DE-HGF)0</subfield>
    <subfield code="b">1</subfield>
  </datafield>
  <datafield tag="700" ind1="1" ind2=" ">
    <subfield code="a">Albrecht, M.</subfield>
    <subfield code="0">P:(DE-HGF)0</subfield>
    <subfield code="b">2</subfield>
  </datafield>
  <datafield tag="700" ind1="1" ind2=" ">
    <subfield code="a">Ali, A.</subfield>
    <subfield code="0">P:(DE-Ds200)OR7863</subfield>
    <subfield code="b">3</subfield>
    <subfield code="u">gsi</subfield>
  </datafield>
  <datafield tag="700" ind1="1" ind2=" ">
    <subfield code="a">Amaryan, M.</subfield>
    <subfield code="0">P:(DE-HGF)0</subfield>
    <subfield code="b">4</subfield>
  </datafield>
  <datafield tag="700" ind1="1" ind2=" ">
    <subfield code="a">Asaturyan, A.</subfield>
    <subfield code="0">P:(DE-HGF)0</subfield>
    <subfield code="b">5</subfield>
  </datafield>
  <datafield tag="700" ind1="1" ind2=" ">
    <subfield code="a">Austregesilo, A.</subfield>
    <subfield code="0">P:(DE-HGF)0</subfield>
    <subfield code="b">6</subfield>
  </datafield>
  <datafield tag="700" ind1="1" ind2=" ">
    <subfield code="a">Baldwin, Z.</subfield>
    <subfield code="0">P:(DE-HGF)0</subfield>
    <subfield code="b">7</subfield>
  </datafield>
  <datafield tag="700" ind1="1" ind2=" ">
    <subfield code="a">Barbosa, F.</subfield>
    <subfield code="0">P:(DE-HGF)0</subfield>
    <subfield code="b">8</subfield>
  </datafield>
  <datafield tag="700" ind1="1" ind2=" ">
    <subfield code="a">Barlow, J.</subfield>
    <subfield code="0">P:(DE-HGF)0</subfield>
    <subfield code="b">9</subfield>
  </datafield>
  <datafield tag="700" ind1="1" ind2=" ">
    <subfield code="a">Barriga, E.</subfield>
    <subfield code="0">P:(DE-HGF)0</subfield>
    <subfield code="b">10</subfield>
  </datafield>
  <datafield tag="700" ind1="1" ind2=" ">
    <subfield code="a">Barsotti, R.</subfield>
    <subfield code="0">P:(DE-HGF)0</subfield>
    <subfield code="b">11</subfield>
  </datafield>
  <datafield tag="700" ind1="1" ind2=" ">
    <subfield code="a">Beattie, T. D.</subfield>
    <subfield code="0">P:(DE-HGF)0</subfield>
    <subfield code="b">12</subfield>
  </datafield>
  <datafield tag="700" ind1="1" ind2=" ">
    <subfield code="a">Berdnikov, V. V.</subfield>
    <subfield code="0">P:(DE-HGF)0</subfield>
    <subfield code="b">13</subfield>
  </datafield>
  <datafield tag="700" ind1="1" ind2=" ">
    <subfield code="a">Black, T.</subfield>
    <subfield code="0">P:(DE-HGF)0</subfield>
    <subfield code="b">14</subfield>
  </datafield>
  <datafield tag="700" ind1="1" ind2=" ">
    <subfield code="a">Boeglin, W.</subfield>
    <subfield code="0">P:(DE-HGF)0</subfield>
    <subfield code="b">15</subfield>
  </datafield>
  <datafield tag="700" ind1="1" ind2=" ">
    <subfield code="a">Briscoe, W. J.</subfield>
    <subfield code="0">P:(DE-HGF)0</subfield>
    <subfield code="b">16</subfield>
  </datafield>
  <datafield tag="700" ind1="1" ind2=" ">
    <subfield code="a">Britton, T.</subfield>
    <subfield code="0">P:(DE-HGF)0</subfield>
    <subfield code="b">17</subfield>
  </datafield>
  <datafield tag="700" ind1="1" ind2=" ">
    <subfield code="a">Brooks, W. K.</subfield>
    <subfield code="0">P:(DE-HGF)0</subfield>
    <subfield code="b">18</subfield>
  </datafield>
  <datafield tag="700" ind1="1" ind2=" ">
    <subfield code="a">Chudakov, E.</subfield>
    <subfield code="0">P:(DE-HGF)0</subfield>
    <subfield code="b">19</subfield>
  </datafield>
  <datafield tag="700" ind1="1" ind2=" ">
    <subfield code="a">Cole, S.</subfield>
    <subfield code="0">P:(DE-HGF)0</subfield>
    <subfield code="b">20</subfield>
  </datafield>
  <datafield tag="700" ind1="1" ind2=" ">
    <subfield code="a">Cole, P. L.</subfield>
    <subfield code="0">P:(DE-HGF)0</subfield>
    <subfield code="b">21</subfield>
  </datafield>
  <datafield tag="700" ind1="1" ind2=" ">
    <subfield code="a">Cortes, O.</subfield>
    <subfield code="0">P:(DE-HGF)0</subfield>
    <subfield code="b">22</subfield>
  </datafield>
  <datafield tag="700" ind1="1" ind2=" ">
    <subfield code="a">Crede, V.</subfield>
    <subfield code="0">P:(DE-HGF)0</subfield>
    <subfield code="b">23</subfield>
  </datafield>
  <datafield tag="700" ind1="1" ind2=" ">
    <subfield code="a">Dalton, M. M.</subfield>
    <subfield code="0">P:(DE-HGF)0</subfield>
    <subfield code="b">24</subfield>
  </datafield>
  <datafield tag="700" ind1="1" ind2=" ">
    <subfield code="a">Daniels, T.</subfield>
    <subfield code="0">P:(DE-HGF)0</subfield>
    <subfield code="b">25</subfield>
  </datafield>
  <datafield tag="700" ind1="1" ind2=" ">
    <subfield code="a">Deur, A.</subfield>
    <subfield code="0">P:(DE-HGF)0</subfield>
    <subfield code="b">26</subfield>
  </datafield>
  <datafield tag="700" ind1="1" ind2=" ">
    <subfield code="a">Dobbs, S.</subfield>
    <subfield code="0">P:(DE-HGF)0</subfield>
    <subfield code="b">27</subfield>
  </datafield>
  <datafield tag="700" ind1="1" ind2=" ">
    <subfield code="a">Dolgolenko, A.</subfield>
    <subfield code="0">P:(DE-HGF)0</subfield>
    <subfield code="b">28</subfield>
  </datafield>
  <datafield tag="700" ind1="1" ind2=" ">
    <subfield code="a">Dotel, R.</subfield>
    <subfield code="0">P:(DE-HGF)0</subfield>
    <subfield code="b">29</subfield>
  </datafield>
  <datafield tag="700" ind1="1" ind2=" ">
    <subfield code="a">Dugger, M.</subfield>
    <subfield code="0">P:(DE-HGF)0</subfield>
    <subfield code="b">30</subfield>
  </datafield>
  <datafield tag="700" ind1="1" ind2=" ">
    <subfield code="a">Dzhygadlo, Roman</subfield>
    <subfield code="0">P:(DE-Ds200)OR6529</subfield>
    <subfield code="b">31</subfield>
    <subfield code="u">gsi</subfield>
  </datafield>
  <datafield tag="700" ind1="1" ind2=" ">
    <subfield code="a">Egiyan, H.</subfield>
    <subfield code="0">P:(DE-HGF)0</subfield>
    <subfield code="b">32</subfield>
  </datafield>
  <datafield tag="700" ind1="1" ind2=" ">
    <subfield code="a">Erbora, T.</subfield>
    <subfield code="0">P:(DE-HGF)0</subfield>
    <subfield code="b">33</subfield>
  </datafield>
  <datafield tag="700" ind1="1" ind2=" ">
    <subfield code="a">Ernst, A.</subfield>
    <subfield code="0">P:(DE-HGF)0</subfield>
    <subfield code="b">34</subfield>
  </datafield>
  <datafield tag="700" ind1="1" ind2=" ">
    <subfield code="a">Eugenio, P.</subfield>
    <subfield code="0">P:(DE-HGF)0</subfield>
    <subfield code="b">35</subfield>
  </datafield>
  <datafield tag="700" ind1="1" ind2=" ">
    <subfield code="a">Fanelli, C.</subfield>
    <subfield code="0">P:(DE-HGF)0</subfield>
    <subfield code="b">36</subfield>
  </datafield>
  <datafield tag="700" ind1="1" ind2=" ">
    <subfield code="a">Fegan, S.</subfield>
    <subfield code="0">P:(DE-HGF)0</subfield>
    <subfield code="b">37</subfield>
  </datafield>
  <datafield tag="700" ind1="1" ind2=" ">
    <subfield code="a">Fitches, J.</subfield>
    <subfield code="0">P:(DE-HGF)0</subfield>
    <subfield code="b">38</subfield>
  </datafield>
  <datafield tag="700" ind1="1" ind2=" ">
    <subfield code="a">Foda, A. M.</subfield>
    <subfield code="0">P:(DE-HGF)0</subfield>
    <subfield code="b">39</subfield>
  </datafield>
  <datafield tag="700" ind1="1" ind2=" ">
    <subfield code="a">Furletov, S.</subfield>
    <subfield code="0">P:(DE-HGF)0</subfield>
    <subfield code="b">40</subfield>
  </datafield>
  <datafield tag="700" ind1="1" ind2=" ">
    <subfield code="a">Gan, L.</subfield>
    <subfield code="0">P:(DE-HGF)0</subfield>
    <subfield code="b">41</subfield>
  </datafield>
  <datafield tag="700" ind1="1" ind2=" ">
    <subfield code="a">Gao, H.</subfield>
    <subfield code="0">P:(DE-HGF)0</subfield>
    <subfield code="b">42</subfield>
  </datafield>
  <datafield tag="700" ind1="1" ind2=" ">
    <subfield code="a">Gasparian, A.</subfield>
    <subfield code="0">P:(DE-HGF)0</subfield>
    <subfield code="b">43</subfield>
  </datafield>
  <datafield tag="700" ind1="1" ind2=" ">
    <subfield code="a">Gleason, C.</subfield>
    <subfield code="0">P:(DE-HGF)0</subfield>
    <subfield code="b">44</subfield>
  </datafield>
  <datafield tag="700" ind1="1" ind2=" ">
    <subfield code="a">Goetzen, K.</subfield>
    <subfield code="0">P:(DE-Ds200)OR0406</subfield>
    <subfield code="b">45</subfield>
    <subfield code="u">gsi</subfield>
  </datafield>
  <datafield tag="700" ind1="1" ind2=" ">
    <subfield code="a">Goryachev, V. S.</subfield>
    <subfield code="0">P:(DE-HGF)0</subfield>
    <subfield code="b">46</subfield>
  </datafield>
  <datafield tag="700" ind1="1" ind2=" ">
    <subfield code="a">Guo, L.</subfield>
    <subfield code="0">P:(DE-HGF)0</subfield>
    <subfield code="b">47</subfield>
  </datafield>
  <datafield tag="700" ind1="1" ind2=" ">
    <subfield code="a">Hagen, M.</subfield>
    <subfield code="0">P:(DE-HGF)0</subfield>
    <subfield code="b">48</subfield>
  </datafield>
  <datafield tag="700" ind1="1" ind2=" ">
    <subfield code="a">Hakobyan, H.</subfield>
    <subfield code="0">P:(DE-HGF)0</subfield>
    <subfield code="b">49</subfield>
  </datafield>
  <datafield tag="700" ind1="1" ind2=" ">
    <subfield code="a">Hamdi, Abdennacer</subfield>
    <subfield code="0">P:(DE-Ds200)OR7865</subfield>
    <subfield code="b">50</subfield>
    <subfield code="u">gsi</subfield>
  </datafield>
  <datafield tag="700" ind1="1" ind2=" ">
    <subfield code="a">Hernandez, J.</subfield>
    <subfield code="0">P:(DE-HGF)0</subfield>
    <subfield code="b">51</subfield>
  </datafield>
  <datafield tag="700" ind1="1" ind2=" ">
    <subfield code="a">Hoffman, N. D.</subfield>
    <subfield code="0">P:(DE-HGF)0</subfield>
    <subfield code="b">52</subfield>
  </datafield>
  <datafield tag="700" ind1="1" ind2=" ">
    <subfield code="a">Hou, G.</subfield>
    <subfield code="0">P:(DE-HGF)0</subfield>
    <subfield code="b">53</subfield>
  </datafield>
  <datafield tag="700" ind1="1" ind2=" ">
    <subfield code="a">Huber, G. M.</subfield>
    <subfield code="0">P:(DE-HGF)0</subfield>
    <subfield code="b">54</subfield>
  </datafield>
  <datafield tag="700" ind1="1" ind2=" ">
    <subfield code="a">Hurley, A.</subfield>
    <subfield code="0">P:(DE-HGF)0</subfield>
    <subfield code="b">55</subfield>
  </datafield>
  <datafield tag="700" ind1="1" ind2=" ">
    <subfield code="a">Ireland, D. G.</subfield>
    <subfield code="0">P:(DE-HGF)0</subfield>
    <subfield code="b">56</subfield>
  </datafield>
  <datafield tag="700" ind1="1" ind2=" ">
    <subfield code="a">Ito, M. M.</subfield>
    <subfield code="0">P:(DE-HGF)0</subfield>
    <subfield code="b">57</subfield>
  </datafield>
  <datafield tag="700" ind1="1" ind2=" ">
    <subfield code="a">Jaegle, I.</subfield>
    <subfield code="0">P:(DE-HGF)0</subfield>
    <subfield code="b">58</subfield>
  </datafield>
  <datafield tag="700" ind1="1" ind2=" ">
    <subfield code="a">Jarvis, N. S.</subfield>
    <subfield code="0">P:(DE-HGF)0</subfield>
    <subfield code="b">59</subfield>
  </datafield>
  <datafield tag="700" ind1="1" ind2=" ">
    <subfield code="a">Jones, R. T.</subfield>
    <subfield code="0">P:(DE-HGF)0</subfield>
    <subfield code="b">60</subfield>
  </datafield>
  <datafield tag="700" ind1="1" ind2=" ">
    <subfield code="a">Kakoyan, V.</subfield>
    <subfield code="0">P:(DE-HGF)0</subfield>
    <subfield code="b">61</subfield>
  </datafield>
  <datafield tag="700" ind1="1" ind2=" ">
    <subfield code="a">Kalicy, G.</subfield>
    <subfield code="0">P:(DE-HGF)0</subfield>
    <subfield code="b">62</subfield>
  </datafield>
  <datafield tag="700" ind1="1" ind2=" ">
    <subfield code="a">Kamel, M.</subfield>
    <subfield code="0">P:(DE-HGF)0</subfield>
    <subfield code="b">63</subfield>
  </datafield>
  <datafield tag="700" ind1="1" ind2=" ">
    <subfield code="a">Khachatryan, V.</subfield>
    <subfield code="0">P:(DE-HGF)0</subfield>
    <subfield code="b">64</subfield>
  </datafield>
  <datafield tag="700" ind1="1" ind2=" ">
    <subfield code="a">Khatchatryan, M.</subfield>
    <subfield code="0">P:(DE-HGF)0</subfield>
    <subfield code="b">65</subfield>
  </datafield>
  <datafield tag="700" ind1="1" ind2=" ">
    <subfield code="a">Kourkoumelis, C.</subfield>
    <subfield code="0">P:(DE-HGF)0</subfield>
    <subfield code="b">66</subfield>
  </datafield>
  <datafield tag="700" ind1="1" ind2=" ">
    <subfield code="a">Kuleshov, S.</subfield>
    <subfield code="0">P:(DE-HGF)0</subfield>
    <subfield code="b">67</subfield>
  </datafield>
  <datafield tag="700" ind1="1" ind2=" ">
    <subfield code="a">LaDuke, A.</subfield>
    <subfield code="0">P:(DE-HGF)0</subfield>
    <subfield code="b">68</subfield>
  </datafield>
  <datafield tag="700" ind1="1" ind2=" ">
    <subfield code="a">Larin, I.</subfield>
    <subfield code="0">P:(DE-HGF)0</subfield>
    <subfield code="b">69</subfield>
  </datafield>
  <datafield tag="700" ind1="1" ind2=" ">
    <subfield code="a">Lawrence, D.</subfield>
    <subfield code="0">P:(DE-HGF)0</subfield>
    <subfield code="b">70</subfield>
  </datafield>
  <datafield tag="700" ind1="1" ind2=" ">
    <subfield code="a">Lersch, D. I.</subfield>
    <subfield code="0">P:(DE-HGF)0</subfield>
    <subfield code="b">71</subfield>
  </datafield>
  <datafield tag="700" ind1="1" ind2=" ">
    <subfield code="a">Li, H.</subfield>
    <subfield code="0">P:(DE-HGF)0</subfield>
    <subfield code="b">72</subfield>
  </datafield>
  <datafield tag="700" ind1="1" ind2=" ">
    <subfield code="a">Li, W. B.</subfield>
    <subfield code="0">P:(DE-HGF)0</subfield>
    <subfield code="b">73</subfield>
  </datafield>
  <datafield tag="700" ind1="1" ind2=" ">
    <subfield code="a">Liu, B.</subfield>
    <subfield code="0">P:(DE-HGF)0</subfield>
    <subfield code="b">74</subfield>
  </datafield>
  <datafield tag="700" ind1="1" ind2=" ">
    <subfield code="a">Livingston, K.</subfield>
    <subfield code="0">P:(DE-HGF)0</subfield>
    <subfield code="b">75</subfield>
  </datafield>
  <datafield tag="700" ind1="1" ind2=" ">
    <subfield code="a">Lolos, G. J.</subfield>
    <subfield code="0">P:(DE-HGF)0</subfield>
    <subfield code="b">76</subfield>
  </datafield>
  <datafield tag="700" ind1="1" ind2=" ">
    <subfield code="a">Luckas, K.</subfield>
    <subfield code="0">P:(DE-HGF)0</subfield>
    <subfield code="b">77</subfield>
  </datafield>
  <datafield tag="700" ind1="1" ind2=" ">
    <subfield code="a">Lyubovitskij, V.</subfield>
    <subfield code="0">P:(DE-HGF)0</subfield>
    <subfield code="b">78</subfield>
  </datafield>
  <datafield tag="700" ind1="1" ind2=" ">
    <subfield code="a">Mack, D.</subfield>
    <subfield code="0">P:(DE-HGF)0</subfield>
    <subfield code="b">79</subfield>
  </datafield>
  <datafield tag="700" ind1="1" ind2=" ">
    <subfield code="a">Mahmood, A.</subfield>
    <subfield code="0">P:(DE-HGF)0</subfield>
    <subfield code="b">80</subfield>
  </datafield>
  <datafield tag="700" ind1="1" ind2=" ">
    <subfield code="a">Marukyan, H.</subfield>
    <subfield code="0">P:(DE-HGF)0</subfield>
    <subfield code="b">81</subfield>
  </datafield>
  <datafield tag="700" ind1="1" ind2=" ">
    <subfield code="a">Matveev, V.</subfield>
    <subfield code="0">P:(DE-HGF)0</subfield>
    <subfield code="b">82</subfield>
  </datafield>
  <datafield tag="700" ind1="1" ind2=" ">
    <subfield code="a">McCaughan, M.</subfield>
    <subfield code="0">P:(DE-HGF)0</subfield>
    <subfield code="b">83</subfield>
  </datafield>
  <datafield tag="700" ind1="1" ind2=" ">
    <subfield code="a">McCracken, M.</subfield>
    <subfield code="0">P:(DE-HGF)0</subfield>
    <subfield code="b">84</subfield>
  </datafield>
  <datafield tag="700" ind1="1" ind2=" ">
    <subfield code="a">Meyer, C. A.</subfield>
    <subfield code="0">P:(DE-HGF)0</subfield>
    <subfield code="b">85</subfield>
  </datafield>
  <datafield tag="700" ind1="1" ind2=" ">
    <subfield code="a">Miskimen, R.</subfield>
    <subfield code="0">P:(DE-HGF)0</subfield>
    <subfield code="b">86</subfield>
  </datafield>
  <datafield tag="700" ind1="1" ind2=" ">
    <subfield code="a">Mitchell, R. E.</subfield>
    <subfield code="0">P:(DE-HGF)0</subfield>
    <subfield code="b">87</subfield>
  </datafield>
  <datafield tag="700" ind1="1" ind2=" ">
    <subfield code="a">Mizutani, K.</subfield>
    <subfield code="0">P:(DE-HGF)0</subfield>
    <subfield code="b">88</subfield>
  </datafield>
  <datafield tag="700" ind1="1" ind2=" ">
    <subfield code="a">Neelamana, V.</subfield>
    <subfield code="0">P:(DE-HGF)0</subfield>
    <subfield code="b">89</subfield>
  </datafield>
  <datafield tag="700" ind1="1" ind2=" ">
    <subfield code="a">Nerling, F.</subfield>
    <subfield code="0">P:(DE-Ds200)OR6383</subfield>
    <subfield code="b">90</subfield>
    <subfield code="u">gsi</subfield>
  </datafield>
  <datafield tag="700" ind1="1" ind2=" ">
    <subfield code="a">Ng, L.</subfield>
    <subfield code="0">P:(DE-HGF)0</subfield>
    <subfield code="b">91</subfield>
  </datafield>
  <datafield tag="700" ind1="1" ind2=" ">
    <subfield code="a">Ostrovidov, A. I.</subfield>
    <subfield code="0">P:(DE-HGF)0</subfield>
    <subfield code="b">92</subfield>
  </datafield>
  <datafield tag="700" ind1="1" ind2=" ">
    <subfield code="a">Papandreou, Z.</subfield>
    <subfield code="0">P:(DE-HGF)0</subfield>
    <subfield code="b">93</subfield>
  </datafield>
  <datafield tag="700" ind1="1" ind2=" ">
    <subfield code="a">Paudel, C.</subfield>
    <subfield code="0">P:(DE-HGF)0</subfield>
    <subfield code="b">94</subfield>
  </datafield>
  <datafield tag="700" ind1="1" ind2=" ">
    <subfield code="a">Pauli, P.</subfield>
    <subfield code="0">0000-0002-8473-1470</subfield>
    <subfield code="b">95</subfield>
    <subfield code="e">Corresponding author</subfield>
  </datafield>
  <datafield tag="700" ind1="1" ind2=" ">
    <subfield code="a">Pedroni, R.</subfield>
    <subfield code="0">P:(DE-HGF)0</subfield>
    <subfield code="b">96</subfield>
  </datafield>
  <datafield tag="700" ind1="1" ind2=" ">
    <subfield code="a">Pentchev, L.</subfield>
    <subfield code="0">P:(DE-HGF)0</subfield>
    <subfield code="b">97</subfield>
  </datafield>
  <datafield tag="700" ind1="1" ind2=" ">
    <subfield code="a">Peters, K. J.</subfield>
    <subfield code="0">P:(DE-Ds200)OR0936</subfield>
    <subfield code="b">98</subfield>
    <subfield code="u">gsi</subfield>
  </datafield>
  <datafield tag="700" ind1="1" ind2=" ">
    <subfield code="a">Reinhold, J.</subfield>
    <subfield code="0">P:(DE-HGF)0</subfield>
    <subfield code="b">99</subfield>
  </datafield>
  <datafield tag="700" ind1="1" ind2=" ">
    <subfield code="a">Ritchie, B. G.</subfield>
    <subfield code="0">P:(DE-HGF)0</subfield>
    <subfield code="b">100</subfield>
  </datafield>
  <datafield tag="700" ind1="1" ind2=" ">
    <subfield code="a">Ritman, J.</subfield>
    <subfield code="0">P:(DE-Ds200)OR2859</subfield>
    <subfield code="b">101</subfield>
    <subfield code="u">gsi</subfield>
  </datafield>
  <datafield tag="700" ind1="1" ind2=" ">
    <subfield code="a">Rodriguez, G.</subfield>
    <subfield code="0">P:(DE-HGF)0</subfield>
    <subfield code="b">102</subfield>
  </datafield>
  <datafield tag="700" ind1="1" ind2=" ">
    <subfield code="a">Romanov, D.</subfield>
    <subfield code="0">P:(DE-HGF)0</subfield>
    <subfield code="b">103</subfield>
  </datafield>
  <datafield tag="700" ind1="1" ind2=" ">
    <subfield code="a">Romero, C.</subfield>
    <subfield code="0">P:(DE-HGF)0</subfield>
    <subfield code="b">104</subfield>
  </datafield>
  <datafield tag="700" ind1="1" ind2=" ">
    <subfield code="a">Saldana, K.</subfield>
    <subfield code="0">P:(DE-HGF)0</subfield>
    <subfield code="b">105</subfield>
  </datafield>
  <datafield tag="700" ind1="1" ind2=" ">
    <subfield code="a">Salgado, C.</subfield>
    <subfield code="0">P:(DE-HGF)0</subfield>
    <subfield code="b">106</subfield>
  </datafield>
  <datafield tag="700" ind1="1" ind2=" ">
    <subfield code="a">Schadmand, S.</subfield>
    <subfield code="0">P:(DE-Ds200)OR4778</subfield>
    <subfield code="b">107</subfield>
    <subfield code="u">gsi</subfield>
  </datafield>
  <datafield tag="700" ind1="1" ind2=" ">
    <subfield code="a">Schertz, A. M.</subfield>
    <subfield code="0">P:(DE-HGF)0</subfield>
    <subfield code="b">108</subfield>
  </datafield>
  <datafield tag="700" ind1="1" ind2=" ">
    <subfield code="a">Schick, A.</subfield>
    <subfield code="0">P:(DE-HGF)0</subfield>
    <subfield code="b">109</subfield>
  </datafield>
  <datafield tag="700" ind1="1" ind2=" ">
    <subfield code="a">Schmidt, A.</subfield>
    <subfield code="0">P:(DE-HGF)0</subfield>
    <subfield code="b">110</subfield>
  </datafield>
  <datafield tag="700" ind1="1" ind2=" ">
    <subfield code="a">Schumacher, R. A.</subfield>
    <subfield code="0">P:(DE-HGF)0</subfield>
    <subfield code="b">111</subfield>
  </datafield>
  <datafield tag="700" ind1="1" ind2=" ">
    <subfield code="a">Schwiening, J.</subfield>
    <subfield code="0">P:(DE-Ds200)OR3029</subfield>
    <subfield code="b">112</subfield>
    <subfield code="u">gsi</subfield>
  </datafield>
  <datafield tag="700" ind1="1" ind2=" ">
    <subfield code="a">Sharp, P.</subfield>
    <subfield code="0">P:(DE-HGF)0</subfield>
    <subfield code="b">113</subfield>
  </datafield>
  <datafield tag="700" ind1="1" ind2=" ">
    <subfield code="a">Shen, X.</subfield>
    <subfield code="0">P:(DE-HGF)0</subfield>
    <subfield code="b">114</subfield>
  </datafield>
  <datafield tag="700" ind1="1" ind2=" ">
    <subfield code="a">Shepherd, M. R.</subfield>
    <subfield code="0">P:(DE-HGF)0</subfield>
    <subfield code="b">115</subfield>
  </datafield>
  <datafield tag="700" ind1="1" ind2=" ">
    <subfield code="a">Smith, A.</subfield>
    <subfield code="0">P:(DE-HGF)0</subfield>
    <subfield code="b">116</subfield>
  </datafield>
  <datafield tag="700" ind1="1" ind2=" ">
    <subfield code="a">Smith, E. S.</subfield>
    <subfield code="0">P:(DE-HGF)0</subfield>
    <subfield code="b">117</subfield>
  </datafield>
  <datafield tag="700" ind1="1" ind2=" ">
    <subfield code="a">Sober, D. I.</subfield>
    <subfield code="0">P:(DE-HGF)0</subfield>
    <subfield code="b">118</subfield>
  </datafield>
  <datafield tag="700" ind1="1" ind2=" ">
    <subfield code="a">Somov, A.</subfield>
    <subfield code="0">P:(DE-HGF)0</subfield>
    <subfield code="b">119</subfield>
  </datafield>
  <datafield tag="700" ind1="1" ind2=" ">
    <subfield code="a">Somov, S.</subfield>
    <subfield code="0">P:(DE-HGF)0</subfield>
    <subfield code="b">120</subfield>
  </datafield>
  <datafield tag="700" ind1="1" ind2=" ">
    <subfield code="a">Soto, O.</subfield>
    <subfield code="0">P:(DE-HGF)0</subfield>
    <subfield code="b">121</subfield>
  </datafield>
  <datafield tag="700" ind1="1" ind2=" ">
    <subfield code="a">Stevens, J. R.</subfield>
    <subfield code="0">P:(DE-HGF)0</subfield>
    <subfield code="b">122</subfield>
  </datafield>
  <datafield tag="700" ind1="1" ind2=" ">
    <subfield code="a">Strakovsky, I. I.</subfield>
    <subfield code="0">P:(DE-HGF)0</subfield>
    <subfield code="b">123</subfield>
  </datafield>
  <datafield tag="700" ind1="1" ind2=" ">
    <subfield code="a">Sumner, B.</subfield>
    <subfield code="0">P:(DE-HGF)0</subfield>
    <subfield code="b">124</subfield>
  </datafield>
  <datafield tag="700" ind1="1" ind2=" ">
    <subfield code="a">Suresh, K.</subfield>
    <subfield code="0">P:(DE-HGF)0</subfield>
    <subfield code="b">125</subfield>
  </datafield>
  <datafield tag="700" ind1="1" ind2=" ">
    <subfield code="a">Tarasov, V. V.</subfield>
    <subfield code="0">P:(DE-HGF)0</subfield>
    <subfield code="b">126</subfield>
  </datafield>
  <datafield tag="700" ind1="1" ind2=" ">
    <subfield code="a">Taylor, S.</subfield>
    <subfield code="0">P:(DE-HGF)0</subfield>
    <subfield code="b">127</subfield>
  </datafield>
  <datafield tag="700" ind1="1" ind2=" ">
    <subfield code="a">Teymurazyan, A.</subfield>
    <subfield code="0">P:(DE-HGF)0</subfield>
    <subfield code="b">128</subfield>
  </datafield>
  <datafield tag="700" ind1="1" ind2=" ">
    <subfield code="a">Thiel, A.</subfield>
    <subfield code="0">P:(DE-HGF)0</subfield>
    <subfield code="b">129</subfield>
  </datafield>
  <datafield tag="700" ind1="1" ind2=" ">
    <subfield code="a">Vasileiadis, G.</subfield>
    <subfield code="0">P:(DE-HGF)0</subfield>
    <subfield code="b">130</subfield>
  </datafield>
  <datafield tag="700" ind1="1" ind2=" ">
    <subfield code="a">Viducic, T.</subfield>
    <subfield code="0">P:(DE-HGF)0</subfield>
    <subfield code="b">131</subfield>
  </datafield>
  <datafield tag="700" ind1="1" ind2=" ">
    <subfield code="a">Whitlatch, T.</subfield>
    <subfield code="0">P:(DE-HGF)0</subfield>
    <subfield code="b">132</subfield>
  </datafield>
  <datafield tag="700" ind1="1" ind2=" ">
    <subfield code="a">Wickramaarachchi, N.</subfield>
    <subfield code="0">P:(DE-HGF)0</subfield>
    <subfield code="b">133</subfield>
  </datafield>
  <datafield tag="700" ind1="1" ind2=" ">
    <subfield code="a">Williams, M.</subfield>
    <subfield code="0">P:(DE-HGF)0</subfield>
    <subfield code="b">134</subfield>
  </datafield>
  <datafield tag="700" ind1="1" ind2=" ">
    <subfield code="a">Yang, Y.</subfield>
    <subfield code="0">P:(DE-HGF)0</subfield>
    <subfield code="b">135</subfield>
  </datafield>
  <datafield tag="700" ind1="1" ind2=" ">
    <subfield code="a">Zarling, J.</subfield>
    <subfield code="0">P:(DE-HGF)0</subfield>
    <subfield code="b">136</subfield>
  </datafield>
  <datafield tag="700" ind1="1" ind2=" ">
    <subfield code="a">Zhang, Z.</subfield>
    <subfield code="0">P:(DE-HGF)0</subfield>
    <subfield code="b">137</subfield>
  </datafield>
  <datafield tag="700" ind1="1" ind2=" ">
    <subfield code="a">Zhao, Z.</subfield>
    <subfield code="0">P:(DE-HGF)0</subfield>
    <subfield code="b">138</subfield>
  </datafield>
  <datafield tag="700" ind1="1" ind2=" ">
    <subfield code="a">Zhou, J.</subfield>
    <subfield code="0">P:(DE-HGF)0</subfield>
    <subfield code="b">139</subfield>
  </datafield>
  <datafield tag="700" ind1="1" ind2=" ">
    <subfield code="a">Zhou, X.</subfield>
    <subfield code="0">P:(DE-HGF)0</subfield>
    <subfield code="b">140</subfield>
  </datafield>
  <datafield tag="700" ind1="1" ind2=" ">
    <subfield code="a">Zhou, Q.</subfield>
    <subfield code="0">P:(DE-HGF)0</subfield>
    <subfield code="b">141</subfield>
  </datafield>
  <datafield tag="700" ind1="1" ind2=" ">
    <subfield code="a">Zihlmann, B.</subfield>
    <subfield code="0">P:(DE-HGF)0</subfield>
    <subfield code="b">142</subfield>
  </datafield>
  <datafield tag="700" ind1="1" ind2=" ">
    <subfield code="a">Glazier, D. I.</subfield>
    <subfield code="0">P:(DE-HGF)0</subfield>
    <subfield code="b">143</subfield>
  </datafield>
  <datafield tag="700" ind1="1" ind2=" ">
    <subfield code="a">Mathieu, V.</subfield>
    <subfield code="0">P:(DE-HGF)0</subfield>
    <subfield code="b">144</subfield>
  </datafield>
  <datafield tag="773" ind1=" " ind2=" ">
    <subfield code="a">10.1103/PhysRevC.105.035201</subfield>
    <subfield code="g">Vol. 105, no. 3, p. 035201</subfield>
    <subfield code="0">PERI:(DE-600)2844098-5</subfield>
    <subfield code="n">3</subfield>
    <subfield code="p">035201</subfield>
    <subfield code="t">Physical review / C</subfield>
    <subfield code="v">105</subfield>
    <subfield code="y">2022</subfield>
    <subfield code="x">2469-9985</subfield>
  </datafield>
  <datafield tag="787" ind1="0" ind2=" ">
    <subfield code="a">GlueX Collaboration et.al.</subfield>
    <subfield code="d">2021</subfield>
    <subfield code="i">IsMemberOf</subfield>
    <subfield code="0">GSI-2021-01236</subfield>
    <subfield code="r">2107.12314</subfield>
    <subfield code="t">Measurement of Spin Density Matrix Elements in $\Lambda(1520)$ Photoproduction at 8.2-8.8 GeV</subfield>
  </datafield>
  <datafield tag="909" ind1="C" ind2="O">
    <subfield code="p">VDB</subfield>
    <subfield code="o">oai:repository.gsi.de:246990</subfield>
  </datafield>
  <datafield tag="910" ind1="1" ind2=" ">
    <subfield code="a">GSI Helmholtzzentrum für Schwerionenforschung GmbH</subfield>
    <subfield code="0">I:(DE-Ds200)20121206GSI</subfield>
    <subfield code="k">GSI</subfield>
    <subfield code="b">3</subfield>
    <subfield code="6">P:(DE-Ds200)OR7863</subfield>
  </datafield>
  <datafield tag="910" ind1="1" ind2=" ">
    <subfield code="a">GSI Helmholtzzentrum für Schwerionenforschung GmbH</subfield>
    <subfield code="0">I:(DE-Ds200)20121206GSI</subfield>
    <subfield code="k">GSI</subfield>
    <subfield code="b">31</subfield>
    <subfield code="6">P:(DE-Ds200)OR6529</subfield>
  </datafield>
  <datafield tag="910" ind1="1" ind2=" ">
    <subfield code="a">GSI Helmholtzzentrum für Schwerionenforschung GmbH</subfield>
    <subfield code="0">I:(DE-Ds200)20121206GSI</subfield>
    <subfield code="k">GSI</subfield>
    <subfield code="b">45</subfield>
    <subfield code="6">P:(DE-Ds200)OR0406</subfield>
  </datafield>
  <datafield tag="910" ind1="1" ind2=" ">
    <subfield code="a">GSI Helmholtzzentrum für Schwerionenforschung GmbH</subfield>
    <subfield code="0">I:(DE-Ds200)20121206GSI</subfield>
    <subfield code="k">GSI</subfield>
    <subfield code="b">50</subfield>
    <subfield code="6">P:(DE-Ds200)OR7865</subfield>
  </datafield>
  <datafield tag="910" ind1="1" ind2=" ">
    <subfield code="a">GSI Helmholtzzentrum für Schwerionenforschung GmbH</subfield>
    <subfield code="0">I:(DE-Ds200)20121206GSI</subfield>
    <subfield code="k">GSI</subfield>
    <subfield code="b">90</subfield>
    <subfield code="6">P:(DE-Ds200)OR6383</subfield>
  </datafield>
  <datafield tag="910" ind1="1" ind2=" ">
    <subfield code="a">GSI Helmholtzzentrum für Schwerionenforschung GmbH</subfield>
    <subfield code="0">I:(DE-Ds200)20121206GSI</subfield>
    <subfield code="k">GSI</subfield>
    <subfield code="b">98</subfield>
    <subfield code="6">P:(DE-Ds200)OR0936</subfield>
  </datafield>
  <datafield tag="910" ind1="1" ind2=" ">
    <subfield code="a">GSI Helmholtzzentrum für Schwerionenforschung GmbH</subfield>
    <subfield code="0">I:(DE-Ds200)20121206GSI</subfield>
    <subfield code="k">GSI</subfield>
    <subfield code="b">101</subfield>
    <subfield code="6">P:(DE-Ds200)OR2859</subfield>
  </datafield>
  <datafield tag="910" ind1="1" ind2=" ">
    <subfield code="a">GSI Helmholtzzentrum für Schwerionenforschung GmbH</subfield>
    <subfield code="0">I:(DE-Ds200)20121206GSI</subfield>
    <subfield code="k">GSI</subfield>
    <subfield code="b">107</subfield>
    <subfield code="6">P:(DE-Ds200)OR4778</subfield>
  </datafield>
  <datafield tag="910" ind1="1" ind2=" ">
    <subfield code="a">GSI Helmholtzzentrum für Schwerionenforschung GmbH</subfield>
    <subfield code="0">I:(DE-Ds200)20121206GSI</subfield>
    <subfield code="k">GSI</subfield>
    <subfield code="b">112</subfield>
    <subfield code="6">P:(DE-Ds200)OR3029</subfield>
  </datafield>
  <datafield tag="913" ind1="1" ind2=" ">
    <subfield code="a">DE-HGF</subfield>
    <subfield code="b">Forschungsbereich Materie</subfield>
    <subfield code="l">Matter and the Universe</subfield>
    <subfield code="1">G:(DE-HGF)POF4-610</subfield>
    <subfield code="0">G:(DE-HGF)POF4-612</subfield>
    <subfield code="3">G:(DE-HGF)POF4</subfield>
    <subfield code="2">G:(DE-HGF)POF4-600</subfield>
    <subfield code="4">G:(DE-HGF)POF</subfield>
    <subfield code="v">Cosmic Matter in the Laboratory</subfield>
    <subfield code="x">0</subfield>
  </datafield>
  <datafield tag="914" ind1="1" ind2=" ">
    <subfield code="y">2022</subfield>
  </datafield>
  <datafield tag="915" ind1=" " ind2=" ">
    <subfield code="a">DBCoverage</subfield>
    <subfield code="0">StatID:(DE-HGF)0300</subfield>
    <subfield code="2">StatID</subfield>
    <subfield code="b">Medline</subfield>
    <subfield code="d">2021-05-04</subfield>
  </datafield>
  <datafield tag="915" ind1=" " ind2=" ">
    <subfield code="a">DBCoverage</subfield>
    <subfield code="0">StatID:(DE-HGF)0199</subfield>
    <subfield code="2">StatID</subfield>
    <subfield code="b">Clarivate Analytics Master Journal List</subfield>
    <subfield code="d">2021-05-04</subfield>
  </datafield>
  <datafield tag="915" ind1=" " ind2=" ">
    <subfield code="a">DBCoverage</subfield>
    <subfield code="0">StatID:(DE-HGF)1230</subfield>
    <subfield code="2">StatID</subfield>
    <subfield code="b">Current Contents - Electronics and Telecommunications Collection</subfield>
    <subfield code="d">2021-05-04</subfield>
  </datafield>
  <datafield tag="915" ind1=" " ind2=" ">
    <subfield code="a">DBCoverage</subfield>
    <subfield code="0">StatID:(DE-HGF)0160</subfield>
    <subfield code="2">StatID</subfield>
    <subfield code="b">Essential Science Indicators</subfield>
    <subfield code="d">2021-05-04</subfield>
  </datafield>
  <datafield tag="915" ind1=" " ind2=" ">
    <subfield code="a">DBCoverage</subfield>
    <subfield code="0">StatID:(DE-HGF)1150</subfield>
    <subfield code="2">StatID</subfield>
    <subfield code="b">Current Contents - Physical, Chemical and Earth Sciences</subfield>
    <subfield code="d">2021-05-04</subfield>
  </datafield>
  <datafield tag="915" ind1=" " ind2=" ">
    <subfield code="a">WoS</subfield>
    <subfield code="0">StatID:(DE-HGF)0113</subfield>
    <subfield code="2">StatID</subfield>
    <subfield code="b">Science Citation Index Expanded</subfield>
    <subfield code="d">2021-05-04</subfield>
  </datafield>
  <datafield tag="915" ind1=" " ind2=" ">
    <subfield code="a">DBCoverage</subfield>
    <subfield code="0">StatID:(DE-HGF)0150</subfield>
    <subfield code="2">StatID</subfield>
    <subfield code="b">Web of Science Core Collection</subfield>
    <subfield code="d">2021-05-04</subfield>
  </datafield>
  <datafield tag="915" ind1=" " ind2=" ">
    <subfield code="a">JCR</subfield>
    <subfield code="0">StatID:(DE-HGF)0100</subfield>
    <subfield code="2">StatID</subfield>
    <subfield code="b">PHYS REV C : 2019</subfield>
    <subfield code="d">2021-05-04</subfield>
  </datafield>
  <datafield tag="915" ind1=" " ind2=" ">
    <subfield code="a">DBCoverage</subfield>
    <subfield code="0">StatID:(DE-HGF)0600</subfield>
    <subfield code="2">StatID</subfield>
    <subfield code="b">Ebsco Academic Search</subfield>
    <subfield code="d">2021-05-04</subfield>
  </datafield>
  <datafield tag="915" ind1=" " ind2=" ">
    <subfield code="a">Peer Review</subfield>
    <subfield code="0">StatID:(DE-HGF)0030</subfield>
    <subfield code="2">StatID</subfield>
    <subfield code="b">ASC</subfield>
    <subfield code="d">2021-05-04</subfield>
  </datafield>
  <datafield tag="915" ind1=" " ind2=" ">
    <subfield code="a">DBCoverage</subfield>
    <subfield code="0">StatID:(DE-HGF)0200</subfield>
    <subfield code="2">StatID</subfield>
    <subfield code="b">SCOPUS</subfield>
    <subfield code="d">2021-05-04</subfield>
  </datafield>
  <datafield tag="915" ind1=" " ind2=" ">
    <subfield code="a">IF &lt; 5</subfield>
    <subfield code="0">StatID:(DE-HGF)9900</subfield>
    <subfield code="2">StatID</subfield>
    <subfield code="d">2021-05-04</subfield>
  </datafield>
  <datafield tag="920" ind1=" " ind2=" ">
    <subfield code="l">yes</subfield>
  </datafield>
  <datafield tag="920" ind1="1" ind2=" ">
    <subfield code="0">I:(DE-Ds200)FFN-20210302OR452</subfield>
    <subfield code="k">FFN</subfield>
    <subfield code="l">FAIR Forschung NRW</subfield>
    <subfield code="x">0</subfield>
  </datafield>
  <datafield tag="920" ind1="1" ind2=" ">
    <subfield code="0">I:(DE-Ds200)HST-20071029OR093</subfield>
    <subfield code="k">HST</subfield>
    <subfield code="l">Hadronenstruktur</subfield>
    <subfield code="x">1</subfield>
  </datafield>
  <datafield tag="920" ind1="1" ind2=" ">
    <subfield code="0">I:(DE-Ds200)HPD-20121002OR242</subfield>
    <subfield code="k">HPD</subfield>
    <subfield code="l">PANDA Detektoren</subfield>
    <subfield code="x">2</subfield>
  </datafield>
  <datafield tag="980" ind1=" " ind2=" ">
    <subfield code="a">journal</subfield>
  </datafield>
  <datafield tag="980" ind1=" " ind2=" ">
    <subfield code="a">VDB</subfield>
  </datafield>
  <datafield tag="980" ind1=" " ind2=" ">
    <subfield code="a">UNRESTRICTED</subfield>
  </datafield>
  <datafield tag="980" ind1=" " ind2=" ">
    <subfield code="a">I:(DE-Ds200)FFN-20210302OR452</subfield>
  </datafield>
  <datafield tag="980" ind1=" " ind2=" ">
    <subfield code="a">I:(DE-Ds200)HST-20071029OR093</subfield>
  </datafield>
  <datafield tag="980" ind1=" " ind2=" ">
    <subfield code="a">I:(DE-Ds200)HPD-20121002OR242</subfield>
  </datafield>
</record>
</collection>